000 011710000a22003130004500
003 EG-GICUC
005 20250223031518.0
008 070219s2003 ua a f m 000 0 Eng d
040 _aEG-GICUC
_beng
_cEG-GICUC
041 0 _aEng
049 _aDeposite
097 _aM.Sc
099 _aCai01.13.05.M.Sc.2003.Ya.F
100 0 _aYasser Ramadan Goda
245 1 2 _aA Finite element model for flexible pavement performance - related specifications /
_cYasser Ramadan Goda ; Supervised Essam A.Sharaf , Sameh A.Galal
246 1 5 _aاستخدام نموذج العناصر المحددة فى المواصفات المرتبطة بالاداء للرصف المرن
260 _aCairo :
_bYasser Ramadan Goda ,
_c2003
300 _a196p :
_bill ;
_c30cm
502 _aThesis (M.Sc.) - Cairo University - Faculty Of Engineering - Department Of Civil Engineering
530 _aIssued also as CD
653 4 _aelement model
653 4 _apavement
700 0 _aEssam A.Sharaf ,
_eSupervisor
700 0 _aSameh A.Galal ,
_eSupervisor
856 _uhttp://172.23.153.220/th.pdf
905 _aAml
_eCataloger
905 _aEsam
_eRevisor
942 _2ddc
_cTH
999 _c56790
_d56790